Medaillengewinner im Fußball bei Olympia - Statistiken

Allgemein
  • Dieses Quiz wurde 375 mal gespielt
    163 seit der letzten Aktualisierung
  • Das Durchschnittsergebnis liegt bei 62 aus 79
Antwortstatistiken
Jahr Medaille Antwort % Korrekt
1964 Bronze Deutschland
100%
1988 Bronze Deutschland
100%
2016 Silber Deutschland
100%
1920 Silber Spanien
99%
1992 Gold Spanien
99%
2000 Silber Spanien
99%
2021 Silber Spanien
99%
2024 Gold Spanien
99%
1984 Silber Brasilien
98%
1988 Silber Brasilien
98%
1996 Bronze Brasilien
98%
2008 Bronze Brasilien
98%
2012 Silber Brasilien
98%
2016 Gold Brasilien
98%
2021 Gold Brasilien
98%
1984 Gold Frankreich
98%
2024 Silber Frankreich
98%
1928 Silber Argentinien
96%
1996 Silber Argentinien
96%
2004 Gold Argentinien
96%
2008 Gold Argentinien
96%
1928 Bronze Italien
93%
1936 Gold Italien
93%
2004 Bronze Italien
93%
1968 Bronze Japan
88%
2012 Gold Mexiko
83%
2021 Bronze Mexiko
83%
1908 Bronze Niederlande
83%
1912 Bronze Niederlande
83%
1920 Bronze Niederlande
83%
1924 Gold Uruguay
83%
1928 Gold Uruguay
83%
1924 Bronze Schweden
82%
1948 Gold Schweden
82%
1952 Bronze Schweden
82%
1956 Gold Sowjetunion
79%
1972 Bronze (geteilt) Sowjetunion
79%
1976 Bronze Sowjetunion
79%
1980 Bronze Sowjetunion
79%
1988 Gold Sowjetunion
79%
1924 Silber Schweiz
78%
1920 Gold Belgien
77%
1936 Silber Österreich
77%
1972 Gold Polen
77%
1976 Silber Polen
77%
1992 Silber Polen
77%
2000 Bronze Chile
73%
1908 Silber Dänemark
73%
1912 Silber Dänemark
73%
1948 Bronze Dänemark
73%
1960 Silber Dänemark
73%
1936 Bronze Norwegen
73%
1952 Gold Ungarn
73%
1960 Bronze Ungarn
73%
1964 Gold Ungarn
73%
1968 Gold Ungarn
73%
1972 Silber Ungarn
73%
2024 Bronze Marokko
69%
1948 Silber Jugoslawien
68%
1952 Silber Jugoslawien
68%
1956 Silber Jugoslawien
68%
1960 Gold Jugoslawien
68%
1984 Bronze Jugoslawien
68%
2012 Bronze Südkorea
67%
1996 Gold Nigeria
65%
2008 Silber Nigeria
65%
2016 Bronze Nigeria
65%
1972 Bronze (geteilt) DDR
59%
1976 Gold DDR
59%
1980 Silber DDR
59%
1908 Gold Großbritannien
58%
1912 Gold Großbritannien
58%
2000 Gold Kamerun
56%
1992 Bronze Ghana
54%
1964 Silber Tschechoslowakei
54%
1980 Gold Tschechoslowakei
54%
1956 Bronze Bulgarien
51%
1968 Silber Bulgarien
51%
2004 Silber Paraguay
45%
Keine übereinstimmenden Quizze gefunden
Verteilung der Resultate
Anzahl Personen mit jedem Resultat
Perzentil nach korrekt beantworteten Fragen
Ihre Resultats-Entwicklung
Sie haben dieses Quiz seit der letzten Aktualisierung nicht gespielt